LEADER 01103nam a2200277 a 4500 001 000000125552 003 CaOOAMICUS 005 20110601122050.0 008 110601m20119999it u000 u ita r 020 $a978-88-13-29151-8 040 $aPUL$bita 082 04$a346.4507 100 1 $aBocchini, Ermanno.$0(OLS)http://pul/name/79497 245 10$aDiritto commerciale nella società dell'informazione /$cErmanno Bocchini. 250 $a2. ed. 260 $aPadova :$bCEDAM,$c©2011- 300 $av. ;$c24 cm. 650 4$aDiritto commerciale$zItalia.$0(OLS)http://pul/subject/1274 850 $aPUL 852 $aPUL$W1$xSL Diritto e Scienze Sociali 3$y79$m346. 4507 BOCER 1.1$j144620$av. 1$qDDC 21$B143641$CPULBib$Z2$F143641 $H117324 $82 941 1 $a9 996 $6020$a978-88-13-29151-8$9(OLS)http://pul/number/147383 996 $6082$a346.4507$9(OLS)http://pul/classification/1803 996 $6245$aDiritto commerciale nella società dell'informazione$9(OLS)http://pul/title/158321 996 $6260$aPadova :$bCEDAM$9(OLS)http://pul/publisher/48126 LEADER 01299nam a2200265 a 4500 001 000000165079 003 CaOOAMICUS 005 20180122143040.0 008 180122s1992 it m u001 u fre r 032 $aLibriCat 040 $aPUL$bita 100 1 $aRwabilinda, Jean-Marie.$0(OLS)http://pul/name/106261 245 10$aPaul Ricoeur: le dépassement de la subjectivité :$bde la critique du Cogito à la personne responsable /$cJean-Marie Rwabilinda. 260 $aRomae :$b[s.n.],$c1992. 300 $a130 p. ;$c24 cm. 502 $aEstratto da tesi. Pontificia Universitas Urbaniana. Facultas Philosophiae. 1992. 504 $aBibliografia in nota a piè pagina. 600 14$aRicoeur, Paul,$d1913-2005$xFilosofia.$0(OLS)http://pul/subject/27436 710 2 $aPontificia Università Urbaniana.$bFacoltà di Filosofia$kTesi.$0(OLS)http://pul/name/84517 850 $aPUL 852 $aPUL$W1$xDP1 Tesi Pon. Univ. Urbaniana$y49$mTH URB 245$j189356$qTesi$B192410$CPULBib$Z2$F192410 $H71685 $81 941 1 $a16 996 $6245$aPaul Ricoeur: le dépassement de la subjectivité :$bde la critique du Cogito à la personne responsable$9(OLS)http://pul/title/204771 996 $6260$aRomae :$b[s.n.]$9(OLS)http://pul/publisher/48223 LEADER 01450nam a2200301 u 4500 001 000000111258 003 CaOOAMICUS 005 20080417120908.0 008 080417s2008 it u000 u ita u 020 $z978-88-387-4522-6* 040 $aPUL$bita$dMCT 100 1 $aSgroi, Antonino.$0(OLS)http://pul/name/68310 245 10$aMatrimonio e nullità :$bformulario giurisprudenza /$cAntonino Sgroi. 260 $aSantarcangelo di Romagna :$bMaggioli,$c2008. 300 $a 278 p. ;$c23 cm +$eCd-rom 490 1 $aLegale ;$v146 490 1 $aL'attualità del diritto ;$v146 504 $aInclude riferimenti bibliografici. 650 4$aMatrimonio (diritto canonico)$xNullità.$0(OLS)http://pul/subject/5787 830 0$aLegale ;$v146.$0(OLS)http://pul/title/134036 830 2$aL'attualità del diritto ;$v146.$0(OLS)http://pul/title/139897 850 $aPUL 852 $aPUL$W1$xSL Diritto Canonico 3$y77$m262. 9 SGRAN 1$j127536$b $qDDC 21$B126237$CPULBib$Z2$F126237 $H107115 $81 852 $aPUL$W1$xSL Diritto Canonico 3$y77$m262. 9 SGRAN 1 CD$j127537$aCD-Rom$qDDC 21$B126238$CPULBib$Z2$F126238 $H107116 $82 941 1 $a9 996 $6020$z978-88-387-4522-6*$9(OLS)http://pul/number/137756 996 $6245$aMatrimonio e nullità :$bformulario giurisprudenza$9(OLS)http://pul/title/139896 996 $6260$aSantarcangelo di Romagna :$bMaggioli$9(OLS)http://pul/publisher/67439